000 00236nmm a2200085Ia 4500
008 220120s9999||||xx |||||||||||||||||und||
100 _aWiley
_99351
245 0 _aCCNA- CISCI certified network associate study guide - 6th ed
260 _c2007
999 _c139259
_d139259